Applications of high performance computing in engineering V
Αποθηκεύτηκε σε:
| Συλλογικό Έργο: | , |
|---|---|
| Άλλοι συγγραφείς: | , |
| Μορφή: | Βιβλίο |
| Γλώσσα: | English |
| Δημοσίευση: |
Southampton ; Boston :
Computational Mechanics Publications,
c1997
|
| Σειρά: | Advances in high performance computing ;
; 3 |
| Θέματα: | |
| Ετικέτες: |
Προσθήκη ετικέτας
Δεν υπάρχουν, Καταχωρήστε ετικέτα πρώτοι!
|
MARC
| LEADER | 00000nam a2200000 i 4500 | ||
|---|---|---|---|
| 001 | 1/99401 | ||
| 008 | 000317s1997 eng d | ||
| 020 | |a 1-85312-457-5 | ||
| 035 | |l 10056867 | ||
| 040 | |a GR-MY-UA |b gre |e aacr | ||
| 041 | 0 | |a eng | |
| 082 | 0 | |a 004.35 | |
| 245 | 1 | 0 | |a Applications of high performance computing in engineering V / |c editors H. Power, J.J. Casares Long |
| 260 | |a Southampton ; Boston : |b Computational Mechanics Publications, |c c1997 | ||
| 300 | |a 333 p.; |b ill.; |c 24 cm. | ||
| 490 | 1 | |a Advances in high performance computing | |
| 500 | |a Fifth International Conference in Engineering, HPC 97. Organised by Wessex Institute of Technology, UK and Centro de Supercomputation de Galicia, Spain | ||
| 504 | |a Includes bibliographical references and index | ||
| 650 | 0 | 0 | |a Computer-aided engineering |x Congresses. |
| 650 | 0 | 0 | |a Supercomputers |x Congresses. |
| 700 | 1 | |a Power, H. |4 edt | |
| 700 | 1 | |a Casares Long, J. J. |4 edt | |
| 710 | 2 | |a Centro de Supercomputacion de Galcia, Spain. | |
| 710 | 2 | |a Wessex Institute of Technology. | |
| 830 | 0 | |a Advances in high performance computing ; |v ; 3 | |
| 852 | |a INST |b SAMOS |e 20000317 |h 004.35 APP |p 005300017961 |q 005300017961 |t BK |y 0 | ||
| 901 | |a BIBL3-2000-1 | ||
| 909 | |a Σ |b 072782 | ||
| 922 | |a 3ΕΛΗ |b 199912 |c ΤΜΗΜΑ ΜΑΘΗΜΑΤΙΚΩΝ |d ΠΑΠΑΣΩΤΗΡΙΟΥ | ||
| 950 | |a 116-1999-11-14 | ||
| 970 | |a ΓΕΝΟΥΖΟΥ |b ΧΡΥΣΑΝΘΗ |z 2000/03/17 | ||